000 00313nam a2200133Ia 4500
008 191201s2004 xx 000 0 und d
082 _a621.382
_bNIB
100 _aNIIT
245 0 _aBasic of Electronic Communication
260 _aN.Delhi
_bPHI
_c2004
300 _a377
650 _aB.Tech(ECE)
942 _2ddc
_cBK
999 _c1000
_d1000